Statistics for Greek Mythology; Titans and Primordial Gods

Click here to take the quiz!

General Stats

  • This quiz has been taken 370 times
  • The average score is 8 of 16

Answer Stats

DescriptionTitan/Primordial god% Correct
She created the sky; she is also the embodiment of the earthGaia
98%
The titan of time; he was also the king of the TitansCronus
92%
The first deity to come into existence; it created the other Primordial godsChaos
89%
Created by Chaos; he is the embodiment of the pitTartarus
75%
Gaia's wife; he is the embodiment of the skyOuranos
65%
The titaness of motherhood and fertility; she is the father of the first olympian godsRhea
64%
The titan of all salt water on earth; he married the titaness of all fresh water(above)Oceanus
41%
The titan of the east; he has a bright and fiery personalityHyperion
40%
The titan of the west; he has a calm personalityIapetus
37%
The titeness of divine law and orderThemis
34%
The titaness of memory and remebrance; she also represents the myths of greek mythologyMnemosyne
30%
The titaness of prophecy; Apollo is often called Apollo (her name here)Phoebe
28%
The titaness of all fresh water on earth; she married the titan of all salt water(below)Tethys
24%
The titan of the north; he mostly keeps to himself and thinks deep thoughtsCoeus
22%
The titan of the south; nothing to say about this guy:)Crius
20%
The titaness of shining light or basically anything with a shiny surfaceTheia
20%

Score Distribution

Percentile by Number Answered

Percent of People with Each Score

Your Score History

You have not taken this quiz